[Event "SVK-chT 2425"]
[Site "Slovakia"]
[Date "2025.03.15"]
[Round "7.7"]
[White "Briestensky, Rastislav"]
[Black "Rojicek, Vojtech"]
[Result "1/2-1/2"]
[WhiteElo "2266"]
[BlackElo "2369"]
[PlyCount "26"]
[EventDate "2024.11.23"]
[EventType "team-tourn"]
[EventRounds "11"]
[EventCountry "SVK"]
[SourceTitle "CB14_2025"]
[SourceDate "2024.11.01"]
[SourceVersion "1"]
[SourceVersionDate "2024.11.01"]
[SourceQuality "1"]
[WhiteTeam "Bratislava Slovan"]
[BlackTeam "Liptov Chess School"]
[WhiteTeamCountry "SVK"]
[BlackTeamCountry "SVK"]

1. e4 c5 2. Nf3 d6 3. Bb5+ Bd7 4. Bxd7+ Nxd7 5. 0-0 Ngf6 6. Re1 e6 7. c3 Be7 8. d4 0-0 9. e5 Ne8 10. exd6 Nxd6 11. d5 exd5 12. Qxd5 Re8 13. Bf4 Nf6 1/2-1/2

[Event "SVK-chT2C 1819"]
[Site "Slovakia"]
[Date "2019.04.06"]
[Round "10.1"]
[White "Rojicek, Vojtech"]
[Black "Haring, Viktor"]
[Result "1-0"]
[WhiteElo "2386"]
[BlackElo "2287"]
[PlyCount "73"]
[EventDate "2018.10.13"]
[EventType "team-tourn"]
[EventRounds "11"]
[EventCountry "SVK"]
[SourceTitle "EXT 2020"]
[Source "ChessBase"]
[SourceDate "2019.10.17"]
[SourceVersion "1"]
[SourceVersionDate "2019.10.17"]
[SourceQuality "1"]
[WhiteTeam "Ruzomberok Montana"]
[BlackTeam "Banska Bystrica Kurta"]
[WhiteTeamCountry "SVK"]
[BlackTeamCountry "SVK"]

1. d4 Nf6 2. c4 e6 3. g3 Bb4+ 4. Bd2 c5 5. Bxb4 cxb4 6. Bg2 0-0 7. e4 d6 8. Ne2 a5 9. a3 Na6 10. 0-0 e5 11. axb4 axb4 12. Nd2 Re8 13. Qc2 Bg4 14. f3 Bd7 15. Kh1 Rc8 16. Qd3 h5 17. h3 Qc7 18. Rfd1 exd4 19. Qxd4 Nc5 20. b3 b5 21. cxb5 d5 22. b6 Qxb6 23. e5 Qb8 24. f4 Nfe4 25. Nxe4 dxe4 26. Qe3 Be6 27. Nd4 Bd5 28. Nf5 Bxb3 29. Rdc1 Nd3 30. Rf1 Rc3 31. Qxe4 Qb6 32. Ra8 Rb8 33. Qd4 Kh7 34. Rxb8 Qxb8 35. e6 f6 36. e7 Bc2 37. Nd6 1-0

[Event "SVK-chT 1819"]
[Site "Slovakia"]
[Date "2019.03.10"]
[Round "8.2"]
[White "Rojicek, Vojtech"]
[Black "Horvath, Csaba"]
[Result "1/2-1/2"]
[WhiteElo "2387"]
[BlackElo "2507"]
[PlyCount "27"]
[EventDate "2018.11.10"]
[EventType "team-tourn"]
[EventRounds "11"]
[EventCountry "SVK"]
[SourceTitle "CBM 189 Extra"]
[Source "ChessBase"]
[SourceDate "2019.05.31"]
[SourceVersion "1"]
[SourceVersionDate "2019.05.31"]
[SourceQuality "1"]
[WhiteTeam "Liptov Chess School"]
[BlackTeam "Podhajska Aquamarin"]
[WhiteTeamCountry "SVK"]
[BlackTeamCountry "SVK"]

1. d4 Nf6 2. Nf3 d5 3. c4 dxc4 4. e3 e6 5. Bxc4 a6 6. 0-0 b5 7. Be2 Bb7 8. b3 Nbd7 9. Bb2 Be7 10. Nbd2 c5 11. Rc1 Rc8 12. Rc2 0-0 13. Qa1 cxd4 14. Rxc8 1/2-1/2

[Event "SVK-chT 1819"]
[Site "Slovakia"]
[Date "2019.03.09"]
[Round "7.2"]
[White "Rojicek, Vojtech"]
[Black "Borosova, Zuzana"]
[Result "1-0"]
[WhiteElo "2387"]
[BlackElo "2243"]
[PlyCount "57"]
[EventDate "2018.11.10"]
[EventType "team-tourn"]
[EventRounds "11"]
[EventCountry "SVK"]
[SourceTitle "CBM 189 Extra"]
[Source "ChessBase"]
[SourceDate "2019.05.31"]
[SourceVersion "1"]
[SourceVersionDate "2019.05.31"]
[SourceQuality "1"]
[WhiteTeam "Liptov Chess School"]
[BlackTeam "Komarno"]
[WhiteTeamCountry "SVK"]
[BlackTeamCountry "SVK"]

1. Nf3 d5 2. e3 Nf6 3. c4 c6 4. Nc3 e6 5. Qc2 Nbd7 6. b3 Bd6 7. Bb2 Qe7 8. Be2 0-0 9. g4 Rd8 10. g5 Ne8 11. h4 dxc4 12. Bxc4 Nf8 13. Rg1 b5 14. Be2 e5 15. Rc1 a6 16. Ne4 Bf5 17. Nf6+ Nxf6 18. Qxf5 N6d7 19. Rxc6 Bb4 20. Rg4 Rdc8 21. Rxc8 Rxc8 22. Nxe5 g6 23. Qxf7+ Qxf7 24. Nxf7 Kxf7 25. Rxb4 Rc2 26. Bc3 Rxa2 27. Bd3 Nc5 28. Bb1 Ra3 29. Bb2 1-0

[Event "SVK-chT 1819"]
[Site "Slovakia"]
[Date "2019.02.17"]
[Round "6.4"]
[White "Nemeth, Miklos"]
[Black "Rojicek, Vojtech"]
[Result "1-0"]
[WhiteElo "2486"]
[BlackElo "2387"]
[PlyCount "63"]
[EventDate "2018.11.10"]
[EventType "team-tourn"]
[EventRounds "11"]
[EventCountry "SVK"]
[SourceTitle "CBM 188 Extra"]
[Source "ChessBase"]
[SourceDate "2019.02.28"]
[SourceVersion "1"]
[SourceVersionDate "2019.02.28"]
[SourceQuality "1"]
[WhiteTeam "Dunajska Streda"]
[BlackTeam "Liptov Chess School"]
[WhiteTeamCountry "SVK"]
[BlackTeamCountry "SVK"]

1. e4 e6 2. d4 d5 3. Nd2 c5 4. exd5 Qxd5 5. Ngf3 cxd4 6. Bc4 Qd6 7. Qe2 Nf6 8. Nb3 Nc6 9. Bg5 a6 10. 0-0-0 b5 11. Bd3 Be7 12. Nbxd4 Nxd4 13. Nxd4 Qd5 14. f4 Qxa2 15. c3 Bd7 16. Bb1 Qa5 17. Bxf6 Bxf6 18. Nf5 Qc7 19. Nd6+ Kf8 20. Rd2 b4 21. c4 Rd8 22. Bc2 Bc6 23. Rhd1 Be7 24. Qe5 Bxd6 25. Rxd6 Rxd6 26. Qxd6+ Qxd6 27. Rxd6 Be8 28. Rxa6 g5 29. fxg5 h6 30. g6 Rg8 31. Ra8 fxg6 32. Ba4 1-0

[Event "SVK-chT2C 1819"]
[Site "Slovakia"]
[Date "2019.02.03"]
[Round "7.1"]
[White "Jurcik, Marian"]
[Black "Rojicek, Vojtech"]
[Result "1-0"]
[WhiteElo "2462"]
[BlackElo "2389"]
[PlyCount "57"]
[EventDate "2018.10.13"]
[EventType "team-tourn"]
[EventRounds "11"]
[EventCountry "SVK"]
[SourceTitle "CBM 189 Extra"]
[Source "ChessBase"]
[SourceDate "2019.05.31"]
[SourceVersion "1"]
[SourceVersionDate "2019.05.31"]
[SourceQuality "1"]
[WhiteTeam "Cadca Caissa"]
[BlackTeam "Ruzomberok Montana"]
[WhiteTeamCountry "SVK"]
[BlackTeamCountry "SVK"]

1. e4 c6 2. d4 d5 3. exd5 cxd5 4. Bd3 Nc6 5. c3 Nf6 6. h3 g6 7. Nf3 Bg7 8. 0-0 0-0 9. Bf4 Bf5 10. Be2 h6 11. Nbd2 g5 12. Bh2 e6 13. Ne5 Nxe5 14. Bxe5 Ne4 15. Bxg7 Kxg7 16. Nxe4 Bxe4 17. Bd3 Bxd3 18. Qxd3 Qf6 19. Rae1 Qg6 20. Qd2 f5 21. Re5 Rac8 22. Rfe1 Rc6 23. c4 dxc4 24. d5 exd5 25. Qxd5 Rf7 26. Re7 Qf6 27. Qd7 Kg6 28. Qe8 Rd6 29. R7e6 1-0

[Event "SVK-chT 1819"]
[Site "Slovakia"]
[Date "2018.12.08"]
[Round "3.5"]
[White "Rojicek, Vojtech"]
[Black "Motuz, Karol"]
[Result "1/2-1/2"]
[WhiteElo "2387"]
[BlackElo "2367"]
[PlyCount "40"]
[EventDate "2018.11.10"]
[EventType "team-tourn"]
[EventRounds "11"]
[EventCountry "SVK"]
[SourceTitle "CBM 187 Extra"]
[Source "ChessBase"]
[SourceDate "2018.11.04"]
[SourceVersion "1"]
[SourceVersionDate "2018.11.04"]
[SourceQuality "1"]
[WhiteTeam "Liptov Chess School"]
[BlackTeam "Dubnica nad Vahom"]
[WhiteTeamCountry "SVK"]
[BlackTeamCountry "SVK"]

1. c4 Nf6 2. g3 e6 3. Bg2 d5 4. Nf3 dxc4 5. Qa4+ Nbd7 6. Qxc4 a6 7. Qc2 c5 8. 0-0 b5 9. a4 Bb7 10. axb5 axb5 11. Rxa8 Qxa8 12. Na3 Bc6 13. d3 Be7 14. Bd2 0-0 15. Rc1 Rc8 16. Ne1 Nd5 17. Qb3 Qb7 18. Nc4 bxc4 19. Qxb7 Bxb7 20. dxc4 Rb8 1/2-1/2

[Event "SVK-chT1E 1718"]
[Site "Slovakia"]
[Date "2018.03.11"]
[Round "11.1"]
[White "Rojicek, Vojtech"]
[Black "Pechac, Jergus"]
[Result "0-1"]
[WhiteElo "2387"]
[BlackElo "2436"]
[PlyCount "68"]
[EventDate "2017.10.21"]
[EventType "team-tourn"]
[EventRounds "11"]
[EventCountry "SVK"]
[SourceTitle "EXT 2019"]
[Source "ChessBase"]
[SourceDate "2018.10.10"]
[SourceVersion "1"]
[SourceVersionDate "2018.10.10"]
[SourceQuality "1"]
[WhiteTeam "Liptov Chess School II"]
[BlackTeam "Zilina Mladost"]
[WhiteTeamCountry "SVK"]
[BlackTeamCountry "SVK"]

1. d4 d5 2. Nf3 Nf6 3. c4 e6 4. cxd5 exd5 5. Bg5 c6 6. Nc3 Be7 7. Qc2 0-0 8. e3 h6 9. Bh4 Ne4 10. Bxe7 Qxe7 11. Bd3 Re8 12. 0-0 Nd7 13. Rfe1 Nf8 14. Nd2 Nxd2 15. Qxd2 a6 16. Rab1 Qg5 17. Kh1 h5 18. b4 h4 19. h3 Bf5 20. a4 Ne6 21. b5 Nxd4 22. bxa6 bxa6 23. Rb6 Bxh3 24. Rg1 Bg4 25. Bxa6 Nf3 26. gxf3 Bxf3+ 27. Kh2 Qe5+ 28. Kh3 Qe6+ 29. Kxh4 Qf6+ 30. Rg5 Re5 31. e4 Qh6+ 32. Kg3 Rxg5+ 33. Kxf3 Rf5+ 34. Ke2 Rxf2+ 0-1

[Event "CZE-chT 1718"]
[Site "Czech Republic"]
[Date "2017.12.02"]
[Round "3.4"]
[White "Blatny, Pavel"]
[Black "Rojicek, Vojtech"]
[Result "1-0"]
[WhiteElo "2337"]
[BlackElo "2399"]
[PlyCount "123"]
[EventDate "2017.11.18"]
[EventType "team-tourn"]
[EventRounds "11"]
[EventCountry "CZE"]
[SourceTitle "CBM 181 Extra"]
[Source "ChessBase"]
[SourceDate "2017.12.12"]
[SourceVersion "1"]
[SourceVersionDate "2017.12.12"]
[SourceQuality "1"]
[WhiteTeam "Brno Moravska Slavia"]
[BlackTeam "Frydek Mistek"]
[WhiteTeamCountry "CZE"]
[BlackTeamCountry "CZE"]

1. d4 Nf6 2. Nf3 g6 3. Nc3 d5 4. Bf4 Bg7 5. e3 c6 6. h4 a5 7. Ne5 h5 8. Bd3 a4 9. Ne2 a3 10. b3 Nbd7 11. c3 Ng4 12. Nxd7 Bxd7 13. f3 Nh6 14. Qc2 Bf5 15. e4 dxe4 16. fxe4 Bg4 17. e5 Bxe2 18. Qxe2 e6 19. Bg5 Qc7 20. 0-0 Nf5 21. Rf3 Bf8 22. Rd1 Be7 23. Bxf5 gxf5 24. Rg3 0-0-0 25. Rdd3 c5 26. Bxe7 Qxe7 27. dxc5 Qxc5+ 28. Kh2 Rxd3 29. Rxd3 Rd8 30. b4 Qc7 31. Rxd8+ Qxd8 32. Qc4+ Kb8 33. Qd4 Qxd4 34. cxd4 Kc7 35. Kg3 Kc6 36. Kf4 Kd5 37. Kg5 Kxd4 38. Kxh5 Kc3 39. Kg5 Kb2 40. h5 Kxa2 41. h6 Kb3 42. h7 a2 43. h8Q a1Q 44. Kf6 Kxb4 45. Qf8+ Kc3 46. Qc8+ Kd4 47. Qd7+ Ke3 48. Qxb7 Qh1 49. Qxf7 Qxg2 50. Qxe6 f4 51. Qb3+ Ke2 52. Qc4+ Ke3 53. Qc3+ Ke2 54. e6 Qh1 55. Qe5+ Kd3 56. Qxf4 Qh8+ 57. Ke7 Qg7+ 58. Kd8 Qh8+ 59. Kd7 Qh3 60. Kd6 Qh8 61. Qf5+ Kd4 62. Qd5+ 1-0

[Event "CZE-chT 1718"]
[Site "Czech Republic"]
[Date "2017.11.18"]
[Round "1.6"]
[White "Laznicka, Viktor"]
[Black "Rojicek, Vojtech"]
[Result "1-0"]
[WhiteElo "2656"]
[BlackElo "2399"]
[PlyCount "87"]
[EventDate "2017.11.18"]
[EventType "team-tourn"]
[EventRounds "11"]
[EventCountry "CZE"]
[SourceTitle "CBM 181 Extra"]
[Source "ChessBase"]
[SourceDate "2017.12.12"]
[SourceVersion "1"]
[SourceVersionDate "2017.12.12"]
[SourceQuality "1"]
[WhiteTeam "Novoborsky"]
[BlackTeam "Frydek Mistek"]
[WhiteTeamCountry "CZE"]
[BlackTeamCountry "CZE"]

1. c4 Nf6 2. Nc3 e5 3. e3 d6 4. Nge2 g6 5. g3 Bg7 6. Bg2 0-0 7. 0-0 Nbd7 8. b4 a5 9. Rb1 axb4 10. Rxb4 Re8 11. d4 exd4 12. exd4 c6 13. Bf4 Nf8 14. h3 h6 15. Qd2 Kh7 16. Rfb1 Ne6 17. Be3 Nc7 18. Nf4 Ra7 19. R1b3 Re7 20. Rb1 Re8 21. R4b3 Nd7 22. Nfe2 Nf6 23. d5 c5 24. g4 h5 25. g5 Nd7 26. f4 f5 27. Bf2 b6 28. Ng3 Ba6 29. Bf1 Qe7 30. Bd3 Qf7 31. Kh2 Raa8 32. a4 Bb7 33. Rxb6 Nxb6 34. Rxb6 Bxc3 35. Qxc3 Nxd5 36. cxd5 Qxd5 37. Rxb7+ Qxb7 38. Bb5 Re6 39. Qc4 Qe7 40. Qd5 Ra7 41. Bc4 Rxa4 42. Qxe6 Qxe6 43. Bxe6 h4 44. Nf1 1-0

[Event "SVK-chT 1718"]
[Site "Slovakia"]
[Date "2017.11.12"]
[Round "4.5"]
[White "Rojicek, Vojtech"]
[Black "Nagy, Gabor"]
[Result "1/2-1/2"]
[WhiteElo "2403"]
[BlackElo "2470"]
[PlyCount "34"]
[EventDate "2017.09.30"]
[EventType "team-tourn"]
[EventRounds "11"]
[EventCountry "SVK"]
[SourceTitle "CBM 181 Extra"]
[Source "ChessBase"]
[SourceDate "2017.12.12"]
[SourceVersion "1"]
[SourceVersionDate "2017.12.12"]
[SourceQuality "1"]
[WhiteTeam "Liptov Chess School"]
[BlackTeam "Banska Bystrica Junior"]
[WhiteTeamCountry "SVK"]
[BlackTeamCountry "SVK"]

1. Nf3 Nf6 2. c4 g6 3. g3 Bg7 4. Bg2 0-0 5. 0-0 d6 6. d4 Nbd7 7. Nc3 e5 8. h3 c6 9. e4 Qa5 10. d5 cxd5 11. cxd5 b5 12. a3 b4 13. Qa4 Qxa4 14. Nxa4 bxa3 15. Nd2 Ba6 16. Re1 axb2 17. Nxb2 Bb5 1/2-1/2

[Event "CZE-chT1E 1617"]
[Site "Czech Republic"]
[Date "2017.03.05"]
[Round "9.6"]
[White "Rojicek, Vojtech"]
[Black "Klima, Lukas"]
[Result "1/2-1/2"]
[WhiteElo "2406"]
[BlackElo "2340"]
[PlyCount "38"]
[EventDate "2016.10.16"]
[EventType "team-tourn"]
[EventRounds "11"]
[EventCountry "CZE"]
[SourceTitle "CBM 177 Extra"]
[Source "ChessBase"]
[SourceDate "2017.04.27"]
[SourceVersion "1"]
[SourceVersionDate "2017.04.27"]
[SourceQuality "1"]
[WhiteTeam "Frydek Mistek II"]
[BlackTeam "Ostrava"]
[WhiteTeamCountry "CZE"]
[BlackTeamCountry "CZE"]

1. d4 Nf6 2. c4 e6 3. Nf3 c5 4. d5 exd5 5. cxd5 d6 6. Nc3 g6 7. Nd2 Bg7 8. e4 0-0 9. Be2 Na6 10. 0-0 Nc7 11. a4 b6 12. Re1 Re8 13. Bb5 Bd7 14. Bf1 Qe7 15. Nc4 Ng4 16. Bf4 Ne5 17. Bxe5 Bxe5 18. Nxe5 Qxe5 19. Qd2 f5 1/2-1/2

[Event "CZE-chT1E 1617"]
[Site "Czech Republic"]
[Date "2017.01.22"]
[Round "6.2"]
[White "Rojicek, Vojtech"]
[Black "Michenka, Jozef"]
[Result "1/2-1/2"]
[WhiteElo "2406"]
[BlackElo "2347"]
[PlyCount "42"]
[EventDate "2016.10.16"]
[EventType "team-tourn"]
[EventRounds "11"]
[EventCountry "CZE"]
[SourceTitle "CBM 177 Extra"]
[Source "ChessBase"]
[SourceDate "2017.04.27"]
[SourceVersion "1"]
[SourceVersionDate "2017.04.27"]
[SourceQuality "1"]
[WhiteTeam "Frydek Mistek II"]
[BlackTeam "Havirov Banik"]
[WhiteTeamCountry "CZE"]
[BlackTeamCountry "CZE"]

1. d4 d5 2. c4 e6 3. Nf3 Nf6 4. g3 dxc4 5. Bg2 Bb4+ 6. Bd2 a5 7. Qc2 Bxd2+ 8. Nbxd2 b5 9. a4 c6 10. b3 cxb3 11. Nxb3 0-0 12. 0-0 Bd7 13. Ne5 b4 14. e4 Qc7 15. g4 Be8 16. f4 Nfd7 17. Nc4 Ra7 18. e5 c5 19. Nd6 cxd4 20. Qxc7 Rxc7 21. Nxa5 Nb6 1/2-1/2

[Event "CZE-chT1E 1617"]
[Site "Czech Republic"]
[Date "2016.11.06"]
[Round "2.4"]
[White "Rojicek, Vojtech"]
[Black "Ponizil, Cyril"]
[Result "1-0"]
[WhiteElo "2406"]
[BlackElo "2497"]
[PlyCount "91"]
[EventDate "2016.10.16"]
[EventType "team-tourn"]
[EventRounds "11"]
[EventCountry "CZE"]
[SourceTitle "CBM 175 Extra"]
[Source "ChessBase"]
[SourceDate "2016.12.12"]
[SourceVersion "1"]
[SourceVersionDate "2016.12.12"]
[SourceQuality "1"]
[WhiteTeam "Frydek Mistek II"]
[BlackTeam "Zlin"]
[WhiteTeamCountry "CZE"]
[BlackTeamCountry "CZE"]

1. Nf3 Nf6 2. g3 d5 3. Bg2 c6 4. 0-0 Bf5 5. d3 h6 6. Nc3 Bh7 7. h3 e6 8. Nd2 Bc5 9. e4 0-0 10. Kh2 a5 11. f4 a4 12. a3 Be7 13. e5 Nfd7 14. Nf3 c5 15. Ne2 Nc6 16. g4 b5 17. Ng3 Qc7 18. Re1 b4 19. axb4 cxb4 20. d4 Rfc8 21. Re2 Bf8 22. f5 Ne7 23. Nh4 Ra6 24. Rf2 Nb8 25. Bf1 Rc6 26. Bd3 exf5 27. gxf5 a3 28. b3 Rb6 29. Qg4 Rc6 30. Bf4 Qb6 31. Be3 Nd7 32. Nf3 Qc7 33. Rg2 Kh8 34. Bf4 Qa7 35. Kh1 Ng8 36. Nh5 g6 37. Rag1 a2 38. e6 Ngf6 39. Nxf6 Nxf6 40. Be5 Bg7 41. Qh4 Ne8 42. Bxg7+ Kxg7 43. fxg6 fxg6 44. Rxg6+ Bxg6 45. Rxg6+ Kf8 46. Qf4+ 1-0

[Event "SVK-chT 1617"]
[Site "Slovakia"]
[Date "2016.10.22"]
[Round "1.1"]
[White "Vetoshko, Volodymyr"]
[Black "Rojicek, Vojtech"]
[Result "1-0"]
[WhiteElo "2485"]
[BlackElo "2406"]
[PlyCount "68"]
[EventDate "2016.10.22"]
[EventType "team-tourn"]
[EventRounds "11"]
[EventCountry "SVK"]
[SourceTitle "CBM 175 Extra"]
[Source "ChessBase"]
[SourceDate "2016.12.12"]
[SourceVersion "1"]
[SourceVersionDate "2016.12.12"]
[SourceQuality "1"]
[WhiteTeam "Kosice Slavia UPJS"]
[BlackTeam "Liptov Chess School"]
[WhiteTeamCountry "SVK"]
[BlackTeamCountry "SVK"]

1. e4 c6 2. d4 d5 3. e5 Bf5 4. Nd2 e6 5. Nb3 Nd7 6. Nf3 Ne7 7. Be2 Nc8 8. 0-0 Be7 9. a4 0-0 10. a5 a6 11. Bd3 Bxd3 12. Qxd3 Na7 13. Be3 Nb5 14. c3 f5 15. exf6 Bxf6 16. Bf4 g5 17. Bg3 g4 18. Nfd2 Qe7 19. Rfe1 Rae8 20. c4 Nd6 21. Rac1 Nxc4 22. Nxc4 dxc4 23. Qxc4 Qf7 24. Re4 e5 25. Rxg4+ Kh8 26. Qxf7 Rxf7 27. Re4 Rfe7 28. dxe5 Nxe5 29. Nc5 Nd7 30. Rxe7 Rxe7 31. Nxb7 Bxb2 32. Rb1 Bc3 33. f3 Ne5 34. Nd6 h5 1-0

[Event "CZE-chT 1516"]
[Site "Czech Republic"]
[Date "2016.01.09"]
[Round "5.3"]
[White "Landa, Konstantin"]
[Black "Rojicek, Vojtech"]
[Result "1/2-1/2"]
[WhiteElo "2625"]
[BlackElo "2405"]
[PlyCount "54"]
[EventDate "2015.11.07"]
[EventType "team-tourn"]
[EventRounds "11"]
[EventCountry "CZE"]
[SourceTitle "CBM 170 Extra"]
[Source "ChessBase"]
[SourceDate "2016.02.25"]
[SourceVersion "1"]
[SourceVersionDate "2016.02.25"]
[SourceQuality "1"]
[WhiteTeam "Lysa nad Labem"]
[BlackTeam "Frydek Mistek"]
[WhiteTeamCountry "CZE"]
[BlackTeamCountry "CZE"]

1. d4 Nf6 2. Nf3 e6 3. c4 d5 4. g3 dxc4 5. Bg2 a6 6. 0-0 Nc6 7. Bg5 Be7 8. e3 Nd5 9. Bxe7 Ncxe7 10. Nbd2 b5 11. Ne4 0-0 12. Qc1 Rb8 13. Nc5 Nc6 14. b3 cxb3 15. axb3 Rb6 16. Qb2 Qe7 17. Rfc1 Rd8 18. h4 h6 19. Nd3 Ndb4 20. Nc5 Nd5 21. Bf1 Ndb4 22. Bh3 Qf6 23. Bg2 Qe7 24. Kh2 Nd5 25. Kg1 Ndb4 26. Bh3 Qf6 27. Bg2 Qe7 1/2-1/2

[Event "SVK-chT1E 1516"]
[Site "Slovakia"]
[Date "2015.12.12"]
[Round "5.5"]
[White "Andras, Tomas"]
[Black "Rojicek, Vojtech"]
[Result "0-1"]
[WhiteElo "2143"]
[BlackElo "2405"]
[PlyCount "94"]
[EventDate "2015.10.24"]
[EventType "team-tourn"]
[EventRounds "11"]
[EventCountry "SVK"]
[SourceTitle "CBM 170 Extra"]
[Source "ChessBase"]
[SourceDate "2016.02.25"]
[SourceVersion "1"]
[SourceVersionDate "2016.02.25"]
[SourceQuality "1"]
[WhiteTeam "Kezmarok"]
[BlackTeam "Liptov Chess School II"]
[WhiteTeamCountry "SVK"]
[BlackTeamCountry "SVK"]

1. c4 Nf6 2. d4 d6 3. Nc3 Nbd7 4. e4 e5 5. d5 g6 6. Bd3 Bg7 7. Bg5 h6 8. Be3 0-0 9. f3 Nh5 10. Qd2 Kh7 11. 0-0-0 a6 12. Nge2 b5 13. g4 Nf4 14. Nxf4 exf4 15. Bxf4 Ne5 16. Bxe5 Bxe5 17. f4 Bg7 18. Rdg1 Qh4 19. Rg3 bxc4 20. Bxc4 Bxg4 21. Qg2 Bd7 22. Rf1 Bb5 23. Rh3 Qe7 24. Bd3 Bxd3 25. Rxd3 Rab8 26. Rg3 Rb4 27. f5 g5 28. h4 Bxc3 29. Rxc3 Qxe4 30. Qxe4 Rxe4 31. hxg5 hxg5 32. Rxc7 Re5 33. Rc6 Rxd5 34. Rxa6 Rc8+ 35. Kb1 Kg7 36. Rc1 Rxc1+ 37. Kxc1 Kf6 38. b4 g4 39. Ra3 Kxf5 40. Rb3 Kf4 41. b5 g3 42. b6 g2 43. Rb4+ Kf5 44. b7 g1Q+ 45. Kb2 Rd2+ 46. Kb3 Qe3+ 47. Kc4 Qd3# 0-1